Biggest to Smallest Countries - Statistics

General Stats
  • This quiz has been taken 203 times
  • The average score is 15 of 234
Answer Stats
of Earths Area Countries % Correct
11.52% Russia
100%
6.73% Canada
97%
6.54% China
91%
6.31% United States
89%
5.74% Brazil
85%
5.18% Australia
83%
2.21% India
77%
1.87% Argentina
76%
1.84% Kazakhstan
70%
1.60% Algeria
66%
1.58% DR Congo
58%
1.45% Saudi Arabia
26%
1.32% Mexico
25%
1.28% Indonesia
22%
1.05% Mongolia
21%
1.11% Iran
20%
1.46% Greenland
19%
1.27% Sudan
19%
1.19% Libya
17%
0.1% Vatican City
17%
0.84% Angola
16%
0.87% Peru
16%
0.1% Monaco
15%
0.86% Chad
14%
0.84% Mali
14%
0.85% Niger
14%
0.77% Colombia
11%
0.74% Ethiopia
11%
0.69% Mauritania
10%
0.74% Bolivia
9%
0.62% Nigeria
9%
0.82% South Africa
9%
0.64% Tanzania
9%
0.62% Venezuela
9%
0.68% Egypt
8%
0.56% Namibia
6%
0.1% San Marino
5%
0.1% Tuvalu
5%
0.24% Germany
4%
0.1% Nauru
4%
0.51% Chile
3%
0.23% Finland
3%
0.37% France
3%
0.30% Iraq
3%
0.20% Italy
3%
0.25% Japan
3%
0.39% Kenya
3%
0.1% Liechtenstein
3%
0.46% Myanmar
3%
0.22% Norway
3%
0.27% Paraguay
3%
0.21% Poland
3%
0.16% Romania
3%
0.34% Spain
3%
0.30% Sweden
3%
0.1% Tonga
3%
0.53% Turkey
3%
0.33% Turkmenistan
3%
0.41% Ukraine
3%
0.16% United Kingdom
3%
0.1% Andorra
2%
0.1% Austria
2%
0.13% Belarus
2%
0.32% Cameroon
2%
0.42% Central African Republic
2%
0.1% Cuba
2%
0.1% Guatemala
2%
0.14% Guyana
2%
0.1% Honduras
2%
0.22% Ivory Coast
2%
0.22% Malaysia
2%
0.1% Marshall Islands
2%
0.1% Mauritius
2%
0.1% Micronesia
2%
0.30% Morocco
2%
0.1% Nepal
2%
0.18% New Zealand
2%
0.1% Nicaragua
2%
0.21% Oman
2%
0.1% Palau
2%
0.31% Papua New Guinea
2%
0.23% Philippines
2%
0.23% Republic Of The Congo
2%
0.1% Saint Lucia
2%
0.1% Saint Vincent And The Grenadines
2%
0.43% Somalia
2%
0.42% South Sudan
2%
0.11% Suriname
2%
0.35% Thailand
2%
0.12% Uruguay
2%
0.30% Uzbekistan
2%
0.22% Vietnam
2%
0.51% Zambia
2%
0.44% Afghanistan
1%
0.1% American Samoa
1%
0.1% Antigua And Barbuda
1%
0.1% Azerbaijan
1%
0.1% Bahamas
1%
0.1% Bahrain
1%
0.1% Bangladesh
1%
0.1% Barbados
1%
0.1% Belize
1%
0.1% Benin
1%
0.39% Botswana
1%
0.1% Bulgaria
1%
0.18% Burkina Faso
1%
0.12% Cambodia
1%
0.1% Cape Verde
1%
0.1% Comoros
1%
0.1% Costa Rica
1%
0.1% Dominica
1%
0.1% Dominican Republic
1%
0.19% Ecuador
1%
0.1% El Salvador
1%
0.1% Eritrea
1%
0.1% Eswatini
1%
0.1% Fiji
1%
0.1% French Guiana
1%
0.18% Gabon
1%
0.16% Ghana
1%
0.1% Greece
1%
0.1% Grenada
1%
0.16% Guinea
1%
0.1% Haiti
1%
0.1% Hungary
1%
0.1% Ice Land
1%
0.1% Jamaica
1%
0.1% Jordan
1%
0.1% Kiribati
1%
0.13% Kyrgyzstan
1%
0.14% Laos
1%
0.1% Lesotho
1%
0.1% Liberia
1%
0.1% Luxembourg
1%
0.40% Madagascar
1%
0.1% Malawi
1%
0.1% Maldives
1%
0.1% Malta
1%
0.54% Mozambique
1%
0.1% North Korea
1%
0.1% Panama
1%
0.1% Portugal
1%
0.1% Qatar
1%
0.1% Saint Kitts And Nevis
1%
0.1% Sao Tome And Principe
1%
0.13% Senegal
1%
0.1% Serbia
1%
0.1% Seychelles
1%
0.1% Singapore
1%
0.1% South Korea
1%
0.12% Syria
1%
0.1% Tajikistan
1%
0.1% Tokelau
1%
0.1% Trinidad And Tobago
1%
0.11% Tunisia
1%
0.16% Uganda
1%
0.1% United Air Emirate
1%
0.17% Western Sahara
1%
0.36% Yemen
1%
0.26% Zimbabwe
1%
0.1% Albania
0%
0.1% Anguilla
0%
0.1% Armenia
0%
0.1% Aruba
0%
0.1% Belgium
0%
0.1% Bermuda
0%
0.1% Bhutan
0%
0.1% Bosnia And Herzegovina
0%
0.1% British Virgin Islands
0%
0.1% Brunei
0%
0.1% Burundi
0%
0.1% Cayman Islands
0%
0.1% Cook Islands
0%
0.1% Croatia
0%
0.1% Curacao
0%
0.1% Cyprus
0%
0.1% Czech Republic
0%
0.1% Denmark
0%
0.1% Djibouti
0%
0.1% Equatorial Guinea
0%
0.1% Estonia
0%
0.1% Falkland Islands
0%
0.1% Faroe Islands
0%
0.1% French Polynesia
0%
0.1% Gambia
0%
0.1% Georgia
0%
0.1% Gibraltar
0%
0.1% Guadeloupe
0%
0.1% Guam
0%
0.1% Guernsey
0%
0.1% Guinea Bissau
0%
0.1% Hong Kong
0%
0.1% Ireland
0%
0.1% Isle Of Man
0%
0.1% Israel
0%
0.1% Jersey
0%
0.1% Kuwait
0%
0.1% Latvia
0%
0.1% Lebanon
0%
0.1% Lithuania
0%
0.1% Macau
0%
0.1% Martinique
0%
0.1% Mayotte
0%
0.1% Moldova
0%
0.1% Montenegro
0%
0.1% Montserrat
0%
0.1% Netherlands
0%
0.1% New Caledonia
0%
0.1% Niue
0%
0.1% Northern Mariana Islands
0%
0.1% North Macedonia
0%
0.59% Pakitan
0%
0.1% Palestine
0%
0.1% Puerto Rico
0%
0.1% Reunion
0%
0.1% Rwanda
0%
0.1% Saint Barthelemy
0%
0.1% Saint Martin
0%
0.1% Saint Pierre And Miquelon
0%
0.1% Samoa
0%
0.1% Sierra Leone
0%
0.1% Sint Maarten
0%
0.1% Slovakia
0%
0.1% Slovenia
0%
0.1% Solomon Islands
0%
0.1% Sri Lanka
0%
0.1% Switzerland
0%
0.1% Taiwan
0%
0.1% Timor Leste
0%
0.1% Togo
0%
0.1% Turks And Caicos Islands
0%
0.1% United States Virgin Islands
0%
0.1% Vanuatu
0%
0.1% Wallis And Futuna
0%
No matching quizzes found
Score Distribution
Percent of People with Each Score
Percentile by Number Answered
Your Score History
You have not taken this quiz